00538nam a2200205Ia 4500001000700000003000500007005001700012008004100029010001100070020001800081040000900099082001600108100003700124245006200161260003500223300002100258503000800279650002700287650001800314Z_5776CHAP20220920184640.0220113s1991 xx 000 0 und d a168972 a968-463-062-X cCHAP a639.3084 T6 aTorres-Orozco Bermeo, Roberto E. aLos peces de México /cRoberto E. Torres-Orozco Bermeo aMéxico, D.F. :b AGT,c1991 a235 p. : bilus. ac/e aIctiologíaxMéxico aPiscicultura